000 00331cam a2200133ua 4500
003 OSt
008 210805b ||||| |||| 00| 0 eng d
082 _a894.812 4
_bUNI/GA
245 _aGadyamanjari /
260 _aCalicut :
_bUniversity of Calicut ,
_c1971.
300 _a198 ; .
650 _aEssays - Malayalam
_94915
942 _cBK
999 _c974
_d974